000 00695nam a2200229 a 4500
005 20210219153243.0
008 991125n 000 0 eng u
035 _aUPN01000086123
100 _aGrubb, W. Norton
222 _aEDUCATIONAL EVALUATION AND POLICY ANALYSIS
245 _aThe long-run effects of proprietary schools on wages and earnings : implications for federal policy
300 _a17-35
362 _a1993 15, no. 1
653 0 _aESCUELAS PARTICULARES
653 0 _aFINANZAS EDUCATIVAS
653 0 _aPOLITICA EDUCATIVA
653 0 _aRELACION EDUCACION-TRABAJO
653 0 _aSALARIOS
653 0 _aSCHOOL HOLDING POWER
904 _aAC
_b023934
905 _aArticulo
999 _c72165
_d72165